Unstable Universe Builds - Statistics

General Stats
  • This quiz has been taken 132 times
    13 since last reset
  • The average score is 20 of 33
Answer Stats
Picture Answer % Correct
Capitol City
100%
The Law
100%
BAT Headquarters
91%
End Civilization
91%
FlameFrags Base
91%
Paragon
91%
Redstone Town
91%
Zam Empire
91%
District 13
82%
Skyblock Civilization
82%
The Mist
82%
Underworld
82%
ManePear's Treehouse
73%
Merchant City
73%
Proton
73%
Ranger Point
73%
Far Lands Civilization
64%
Grand Empire
55%
Verdaria
55%
BAT Headquarters 2.0
45%
Nether Civilization
45%
Northern Council
45%
Skymore
45%
Egg Civilization
36%
The Crone
36%
The Frosted Palace
36%
The Gardens of Babylon
36%
The Pyramid of Anubis
36%
Arachnid's Kingdom
27%
Mafia City
27%
Sunken Empire
27%
The Marshland Mansion
18%
Wheat Kingdom
18%
No matching quizzes found
Score Distribution
Percent of People with Each Score
Percentile by Number Answered
Your Score History
You have not taken this quiz since the last reset